书目信息 |
| 题名: |
中国古代佛教绘画
|
|
| 作者: | 金开诚, 主编 ;王敏 编著 | |
| 分册: | ||
| 出版信息: | 长春 吉林文史出版社 2018重印 |
|
| 页数: | 133页 | |
| 开本: | 22cm | |
| 丛书名: | 中国文化知识读本 | |
| 单 册: | ||
| 中图分类: | J219 | |
| 科图分类: | ||
| 主题词: | 佛教--fo jiao--绘画研究--中国--古代 | |
| 电子资源: | ||
| ISBN: | 978-7-5463-4092-0 | |
| 000 | 01286cam 2200277 45 | |
| 001 | 012001009651 | |
| 005 | 20140103100107.0 | |
| 010 | @a978-7-5463-4092-0@dCNY34.80 | |
| 099 | @aCAL 012012211975 | |
| 100 | @a20120625d2011 em y0chiy50## ea | |
| 101 | 0 | @achi |
| 102 | @aCN@b220000 | |
| 105 | @aa z 000yy | |
| 106 | @ar | |
| 200 | 1 | @a中国古代佛教绘画@Azhong guo gu dai fo jiao hui hua@f主编金开诚@g编著王敏 |
| 210 | @a长春@c吉林文史出版社@c吉林出版集团有限责任公司@d2018重印 | |
| 215 | @a133页@c图@d22cm | |
| 225 | 2 | @a中国文化知识读本@AZhong Guo Wen Hua Zhi Shi Du Ben |
| 330 | @a佛教绘画是佛教艺术的一个重要组成部分。它以生动直观的形象描绘塑造各种佛教人物形象、佛教故事和佛教象征物等,使人们能从中体会出佛教的基本精神,对于佛教的传播和发展起着非常重要的作用。在中国,佛教绘画体现出社会面貌和时代精神,是一定社会生活的反映,对于我们了解和把握不同时代的社会思想观念起到重要作用,它的发展与成熟促进了传统艺术的通俗化进程,并极大地丰富了中国古代绘画艺术宝库。 | |
| 410 | 0 | @12001 @a中国文化知识读本 |
| 606 | 0 | @a佛教@Afo jiao@x绘画研究@y中国@z古代 |
| 690 | @aJ219@v5 | |
| 701 | 0 | @a金开诚,@AJin Kaicheng@f1932-2008@4主编@3CAL n2004273397#@7jt0yjt0y@7ec0yec0y |
| 702 | 0 | @a王敏@Awang min@4编著 |
| 801 | 2 | @aCN@b上海新华@c20191020 |
| 905 | @b1188994-7@dJ219@e1100@f4 | |
| 中国古代佛教绘画/主编金开诚/编著王敏.-长春:吉林文史出版社:吉林出版集团有限责任公司,2018重印 |
| 133页:图;22cm.-(中国文化知识读本) |
| ISBN 978-7-5463-4092-0:CNY34.80 |
| 佛教绘画是佛教艺术的一个重要组成部分。它以生动直观的形象描绘塑造各种佛教人物形象、佛教故事和佛教象征物等,使人们能从中体会出佛教的基本精神,对于佛教的传播和发展起着非常重要的作用。在中国,佛教绘画体现出社会面貌和时代精神,是一定社会生活的反映,对于我们了解和把握不同时代的社会思想观念起到重要作用,它的发展与成熟促进了传统艺术的通俗化进程,并极大地丰富了中国古代绘画艺术宝库。 |
| ● |
| 相关链接 |
|
|
|
|
正题名:中国古代佛教绘画
索取号:J219/1100
 
预约/预借
| 序号 | 登录号 | 条形码 | 馆藏地/架位号 | 状态 | 备注 |
| 1 | 1188994 | 211889946 | 第一样本阅览室/ [索取号:J219/1100] | 在馆 | |
| 2 | 1188995 | 211889955 | 第一借阅区/ [索取号:J219/1100] | 在馆 | |
| 3 | 1188996 | 211889964 | 第一借阅区/ [索取号:J219/1100] | 在馆 | |
| 4 | 1188997 | 211889973 | 第一借阅区/ [索取号:J219/1100] | 在馆 |